000 01048cam a22002653a 4500
001 31339
003 PGUSA
005 20140828083658.0
008 100221s2010||||xxu|||||s|||||000 | eng d
040 _aPGUSA
_beng
042 _adc
050 4 _aE151
100 1 _aWilson, Joseph T.
_q(Joseph Thomas),
_d1836-1891
245 1 4 _aThe Black Phalanx :
_bAfrican American soldiers in the War of Independence, the War of 1812, and the Civil War
_h[electronic resource] /
_cJoseph T. Wilson
260 _bProject Gutenberg,
_c2010
506 _aPublic domain in the USA.
516 _aElectronic text
653 _aUnited States -- History -- War of 1812 -- Participation, African American
653 _aUnited States -- History -- Civil War, 1861-1865 -- Participation, African American
653 _aUnited States -- History -- Revolution, 1775-1783 -- Participation, African American
653 _aAfrican American soldiers -- History
830 0 _aProject Gutenberg
_v31339
856 4 0 _uhttp://www.gutenberg.org/ebooks/31339
942 _cEB
999 _c260594
_d260594